Práce při stavbách mostů monolitických a montovaných /.

Uložené v:
Podrobná bibliografia
Médium: Kniha
Jazyk:Czech
Vydané: Praha : Ústav racionalizace ve stavebnictví, 1983.
Vydanie:1. vyd.
ISBN: (brož.)
Fyzický popis: 84 s.
Tagy: Pridať tag
Žiadne tagy, Buďte prvý kto otaguje tento záznam!

MARC

LEADER 00000nam a2200000 a 4500
001 000195708
005 20101222203859.0
008 040101s1983 xr cze d
020 |a (brož.)  |c Kčs 22,50 
040 |a SVKKK  |b slo  |c SVKKK  |e AACR2 
041 0 |a cze 
044 |a xr  |c CZ 
245 0 0 |a Práce při stavbách mostů monolitických a montovaných /. 
250 |a 1. vyd. 
260 |a Praha :  |b Ústav racionalizace ve stavebnictví,  |c 1983. 
300 |a 84 s. 
910 |a svkkk 
998 |a BK 
090 |g SCKHL  |k Sklad Pribinova 3. posch.  |a V.157889  |j 734727  |i 2720942179  |s Absenčne